Panchayati raj and women empowerment: Dependency versus autonomy (Record no. 20967)

MARC details
000 -LEADER
fixed length control field 00492nam a2200169Ia 4500
008 - FIXED-LENGTH DATA ELEMENTS--GENERAL INFORMATION
fixed length control field 230917s9999||||xx |||||||||||||| ||und||
020 ## - ISBN
Price RS690
040 ## - CATALOGING SOURCE
-- 237349
Original cataloging agency VIVEKANANDA LIBRARY
041 ## - Language
-- English
082 ## - DDC NUMBER
Classification number 352.054 T543P
100 ## - MAIN ENTRY--PERSONAL NAME
Personal name Tiwari, Nupur
245 #0 - TITLE STATEMENT
Title Panchayati raj and women empowerment: Dependency versus autonomy
260 ## - PUBLICATION, DISTRIBUTION, ETC. (IMPRINT)
Place of publication, distribution, etc New Delhi
Name of publisher, distributor, etc New Century Publications
Date of publication, distribution, etc 2016
300 ## - PHYSICAL DESCRIPTION
Pages v, 164 p.
500 ## - GENERAL NOTE
General note 2570 18/01/2017 RK17/3465 19/01/2017 Main Budget
942 ## - ADDED ENTRY ELEMENTS (KOHA)
Koha item type Books
Holdings
Withdrawn status Lost status Damaged status Not for loan Location (home branch) Sublocation or collection (holding branch) Date acquired Koha issues (times borrowed) Koha full call number Accession No. Koha date last seen Koha item type
        VIVEKANANDA LIBRARY VIVEKANANDA LIBRARY 15/02/2017 1 352.054 T543P 360504 31/01/2024 Books
© Designed and Maintained by Vivekananda Library, MDU Rohtak